Statistiken für Gemeinden von Schwaz

Klicken Sie hier um das Quiz zu spielen!

Allgemein

  • Dieses Quiz wurde 211 mal gespielt
  • Das Durchschnittsergebnis liegt bei 22 aus 39

Antwortstatistiken

EinwohnerGemeinde% Korrekt
13.618Schwaz
95%
3.875Mayrhofen
93%
7.175Jenbach
92%
1.702Zell am Ziller
87%
2.199Achenkirch
73%
798Gerlos
73%
4.225Fügen
70%
1.626Weer
67%
2.496Weerberg
67%
5.181Vomp
65%
1.964Tux
63%
3.255Eben am Achensee
62%
843Strass im Zillertal
60%
1.899Stumm
58%
2.140Wiesing
58%
1.412Finkenberg
55%
1.401Fügenberg
55%
1.850Uderns
55%
464Gerlosberg
53%
2.116Stans
53%
2.606Buch in Tirol
52%
1.845Aschau im Zillertal
50%
1.124Bruck am Ziller
50%
1.475Hippach
50%
1.327Kaltenbach
50%
854Stummerberg
50%
645Zellberg
50%
720Hainzenberg
48%
1.483Schlitters
48%
1.647Ramsau im Zillertal
47%
1.279Ried im Zillertal
47%
281Steinberg am Rofan
47%
2.188Terfens
47%
361Brandberg
43%
1.584Hart im Zillertal
42%
1.786Schwendau
42%
1.181Pill
40%
671Gallzein
33%
577Rohrberg
32%

Verteilung der Resultate

Perzentil nach korrekt beantworteten Fragen

Anzahl Personen mit jedem Resultat

Ihre Resultats-Entwicklung

Sie haben dieses Quiz noch nicht gespielt